| 000 | 00000nam##2200000za#4500 |
| 001 | 9.700122 |
| 003 | CaOODSP |
| 005 | 20210625000707 |
| 007 | cr ||||||||||| |
| 008 | 150407|2001||||xxc|||||o f|0| 0 eng|d |
| 040 | |aCaOODSP|beng |
| 043 | |an-cn--- |
| 086 | 1 |aNH15-382/2001E-PDF |
| 110 | 2 |aCanada Mortgage and Housing Corporation. |
| 245 | 10|aBuilding communities : |h[electronic resource]|bNative Inspection Services Initiative guide |
| 246 | 1 |aNative Inspection Services Initiative guide |
| 260 | |aOttawa - Ontario : |bCanada Mortgage and Housing Corporation |cc2001. |
| 300 | |a101p.|billus. |
| 500 | |aCanadian cataloguing in publication data printed in these publications. |
| 590 | |a15-01-Supp|b2015-01-26 |
| 856 | 40|ahttp://publications.gc.ca|qPDF|s8.98 MB|uhttps://publications.gc.ca/collections/collection_2014/schl-cmhc/NH15-382-2001-eng.pdf |